Normal view
MARC view
- Attiq ur Rehman, Muhammad
Entry Personal Name
001 - CONTROL NUMBER
- control field: 122760
003 - CONTROL NUMBER IDENTIFIER
- control field: NUST
005 - DATE AND TIME OF LATEST TRANSACTION
- control field: 20240521102910.0
008 - FIXED-LENGTH DATA ELEMENTS
- fixed length control field: 240521|| aca||aabn | a|a d
040 ## - CATALOGING SOURCE
- Original cataloging agency: NUST
- Transcribing agency: NUST
100 ## - HEADING--PERSONAL NAME
- Personal name: Attiq ur Rehman, Muhammad
670 ## - SOURCE DATA FOUND
- Source citation: Work cat.: (NUST): Attiq ur Rehman, Muhammad , Analysis of Flapping Wings Micro Air Vehicle /
